Andrew Lloyd Webber (Registro nro. 322324)

Detalles MARC
000 -ENCABEZADO
Número de control [NR] 00745nam a22002057a 4500
005 - FECHA Y HORA DE LA ÚLTIMA TRANSACCIÓN
control field 20230224131022.0
008 - DE LONGITUD FIJA DE DATOS DE ELEMENTOS - INFORMACIÓN GENERAL
Elementos de longitud fija [NR] 230224s1995 enk |||gr|||| 00| 0 eng d
020 ## - NUMERO INTERNACIONAL NORMALIZADO PARA LIBROS [R]
Número Internacional Normalizado del libro [NR] 0634001604
040 ## - FUENTE DE CATALOGACION [NR]
Agencia de catalogación original [NR] CO-BoUCM
Idioma de catalogación [NR] spa
Quien Cataloga Deissy Garcia
Quien Clasifica Deissy Garcia
041 0# - CODIGO DE IDIOMA [R]
Código de idioma para texto/pista de sonido o título separado [R] Inglés
100 1# - ASIENTO PRINCIPAL--NOMBRE PERSONAL [NR]
ID Autoridad 101175
Nombre personal [NR] Lloyd Webber, Andrew
245 10 - MENCION DE TITULO [NR]
Título [NR] Andrew Lloyd Webber
Parte restante del título [NR] the essential collection
246 30 - FORMA VARIANTE DEL TITULO [R]
Título propiamente dicho/forma breve del título [NR] Essential collection
260 ## - PUBLICACION, DISTRIBUCION, ETC. (PIE DE IMPRENTA) [R]
Lugar de publicación, distribución, etc. [R] Londres
-- Milwaukee
Nombre del editor, distribuidor, etc. [R] Really Useful Group
-- Hal Leonard
Fecha de publicación, distribución, etc. [R] 1995
300 ## - DESCRIPCION FISICA [R]
Extensión [R] 1 partitura (238 páginas)
500 ## - NOTA GENERAL [R]
Nota general [NR] Para voz y piano, con símbolos de acordes
650 #7 - ASIENTO SECUNDARIO DE MATERIA - TERMINO TEMATICO [R]
Término temático o nombre geográfico como elemento de entrada [NR] Musicales
Subdivisión de forma [R] Partituras vocales con piano
Subdivisión general [R] Extractos
9 (RLIN) 176612
942 ## - ELEMENTOS DE ENTRADA AGREGADOS (KOHA)
Sistema de clasificación DEWEY
Tema principal Arte
Tipo de ítem principal el descrito en 300a Libro
Edición 1
Clasificación 782.14
Parte restante de la signatura top. L793an
Título oculto en OPAC No
Existencias
Signatura topográfica Código de barras Última vez visto Ejemplar Costo de reposición Price effective from Tipo de ítem Nota pública (OPAC) Perdido Sistema de clasificación Dañado No prestable Tipo de ítem específico Suprimido Ubicación habitual Ubicación actual Localización Fecha de creación Forma de adquisición Costo
782.14 L793a 100171198 10/12/2025 Ej.1 26000.00 24/02/2023 Libro Spot Teatro Musical   DEWEY     Libro   Sede del emprendimiento y la innovación Sede del Emprendimiento, Innovación y Creación 1er piso 24/02/2023 Donación 0.00